000
002880000a22000970004500
773
0
_t
Iglesia y Misión
100
1
_a
OGorman, Frances
245
1
0
_a
La finción del agente de salud integral : Puntos de discusión
300
_a
Vol. 11, Num 1 (Enero-Marzo, 1992) Páginas 14-16
942
_c
ANA
999
_c
51948
_d
51948